Radio control boat modeler

Bibliographic Details
Previous Title:American boat modeler
Format: Electronic Journal
Language:English
Published: [Wilton, CT : Air Age, Inc., c1988]-
Subjects:
Online Access:Full text available from Research Library: 08/01/1998 to 12/31/2005

MARC

LEADER 00000nas a22000007a 4500
001 ssj0029235
003 WaSeSS
005 20200512172242.0
006 m d
007 cr n
008 890419d1988200uctuqr p s 0 a0eng c
010 |a sf 93091376   |z sn 89007473  
022 |l 1043-8009  |y 1043-8009 
032 |a 003667  |b USPS 
035 |a (WaSeSS)ssj0029235 
037 |b Radio Control Boat Modeler, Subscription Dept., P.O. Box 427, Mount Morris, IL 61054 
040 |a NSDP  |b eng  |c NSDP  |d DLC  |d CaOTP  |d EbpS  |d OCoLC  |d MoU-St  |d OCoLC  |d WaSeSS 
042 |a nsdp  |a pcc 
082 0 0 |a 623.8201  |2 20 
210 0 |a Radio control boat model. 
222 0 |a Radio control boat modeler 
245 0 0 |a Radio control boat modeler  |h [electronic resource]. 
246 1 0 |a Boat modeler 
246 1 3 |a R/C boat modeler 
260 |a [Wilton, CT :  |b Air Age, Inc.,  |c c1988]- 
310 |a Quarterly,  |b <spring 2006-> 
321 |a Frequency varies,  |b 1988-<Feb. 2002> 
362 0 |a [Vol. 2, no. 3] (summer 1988)- 
500 |a Title from cover. 
506 |a License restrictions may limit access. 
588 |a Latest issue consulted: Vol. 18, no. 6 (Dec. 2004). 
650 0 |a Motorboats  |x Models  |x Radio control  |v Periodicals. 
655 0 |a Electronic journals. 
780 0 0 |t American boat modeler  |x 0890-0078  |w (DLC)sf 93094918  |w (OCoLC)14115825 
850 |a DLC 
856 4 0 |z Full text available from Research Library: 08/01/1998 to 12/31/2005  |u https://search.proquest.com/publication/33471